00509 2200193 4500001002100000005001700021035002400038040001200062082001000074245004200084260003100126300004700157500003100204650002000235850001200255990001600267990001600283990001600299YOGYA00000000010098220161122092537.0 0010-011400000000184 aYOPDYOG a722.6 aGIWANGAN rumah antikb: Lost in Jogja aYogyakartabYogya TVc2013 a1 CD (15 menit)bdigital, stereoc4 3/4 in aTgl tayang 10 Oktober 2013 aArsitektur kuno aYOPDYOG a1817/B.2014 a1818/B.2014 a1819/B.2014